| 000 | 00513nam a22001457a 4500 | ||
|---|---|---|---|
| 003 | OSt | ||
| 005 | 20150914111501.0 | ||
| 008 | 150914b xxu||||| |||| 00| 0 eng d | ||
| 040 | _cRUA | ||
| 082 | _aAGR HEN 2001 B023 Or.1 | ||
| 100 |
_9450 _aHENG, CHEARATH. |
||
| 245 | _aTechniques of growing orange in siem reap province បច្ចេកទេសដាំដុះដំណាំក្រូចពោធិ័សាត់នៅខេត្តសៀមរាប | ||
| 300 |
_a46p. _bill. _c29cm. |
||
| 942 |
_2ddc _cAGR |
||
| 999 |
_c429 _d429 |
||